LEADER 00955nam a2200265 i 4500 001 991002492739707536 005 20020508201135.0 008 990415s1982 it ||| | ita 035 $ab11017478-39ule_inst 035 $aPARLA163677$9ExL 040 $aDip.to Filosofia$bita 082 0 $a372 100 1 $aScurati, Cesare$0143298 245 10$aCurricolo e riforma nella scuola primaria /$ca cura di Cesare Scurati 260 $aBrescia :$bLa Scuola,$c1982 300 $a314 p. ;$c20 cm. 490 0 $aStudi AIMC ;$v5 650 4$aScuola elementare - Programmi$xSaggi 650 4$aScuola elementare - Riforma$xSaggi 907 $a.b11017478$b23-02-17$c28-06-02 912 $a991002492739707536 945 $aLE005 MF 3 A 37$g1$i2005000053733$lle005$o-$pE0.00$q-$rl$s- $t0$u0$v0$w0$x0$y.i11136376$z28-06-02 996 $aCurricolo e riforma nella scuola primaria$9862046 997 $aUNISALENTO 998 $ale005$b01-01-99$cm$da $e-$fita$git $h0$i1 LEADER 01046nam0 22002891i 450 001 UON00318834 005 20231205104131.586 010 $a978-03-407-1888-9 100 $a20090105d2003 |0itac50 ba 101 $aeng 102 $aGB 105 $a|||| 1|||| 200 1 $aWorld Englishes$ean introduction$fGunnel Melchers, Philip Shaw 210 $aLondon$cHodder Arnold$d2003 215 $aX, 229 p.$d23 cm. 606 $aLingua inglese$xVariazioni$3UONC038360$2FI 620 $aGB$dLondon$3UONL003044 676 $a420$cLingua inglese$v21 700 1$aMELCHERS$bGunnel$3UONV182670$0488521 701 1$aSHAW$bPhilip$3UONV182671$0606471 712 $aHodder Arnold$3UONV271870$4650 801 $aIT$bSOL$c20250808$gRICA 899 $aSIBA - SISTEMA BIBLIOTECARIO DI ATENEO$2UONSI 912 $aUON00318834 950 $aSIBA - SISTEMA BIBLIOTECARIO DI ATENEO$dSI Angl VIII 0478 $eSI DA 2158 5 0478 996 $aWorld Englishes$91372166 997 $aUNIOR